All 2019 WTA Champions - Statistics

General Stats
  • This quiz has been taken 40 times
  • The average score is 32 of 58
Answer Stats
Tournament Category Champion % Correct
Wuhan Masters 1000 Aryna Sabalenka
93%
Zhuhai WTA Elite Trophy Aryna Sabalenka
93%
Shenzhen WTA 250 Aryna Sabalenka
93%
Roland Garros Grand Slam Ashleigh Barty
93%
Miami Masters 1000 Ashleigh Barty
93%
Shenzhen WTA Finals Ashleigh Barty
93%
Birmingham WTA 500 Ashleigh Barty
93%
Australian Open Grand Slam Naomi Osaka
89%
Beijing Masters 1000 Naomi Osaka
89%
Osaka WTA 500 Naomi Osaka
89%
Wimbledon Grand Slam Simona Halep
89%
US Open Grand Slam Bianca Andreescu
81%
Indian Wells Masters 1000 Bianca Andreescu
81%
Toronto Masters 1000 Bianca Andreescu
81%
Rome Masters 1000 Karolína Plíšková
81%
Brisbane WTA 500 Karolína Plíšková
81%
Eastbourne WTA 500 Karolína Plíšková
81%
Zhengzhou WTA 500 Karolína Plíšková
81%
Sydney WTA 500 Petra Kvitová
74%
Stuttgart WTA 500 Petra Kvitova
74%
Hobart WTA 250 Sofia Kenin
74%
Mallorca WTA 250 Sofia Kenin
74%
Guangzhou WTA 250 Sofia Kenin
74%
Bucharest WTA 250 Elena Rybakina
63%
Monterrey WTA 250 Garbiñe Muguruza
63%
Kockelscheuer WTA 250 Jeļena Ostapenko
63%
Cincinnati Masters 1000 Madison Keys
63%
Charleston WTA 500 Madison Keys
63%
Washington WTA 250 Jessica Pegula
59%
San Jose WTA 500 Saisai Zheng
59%
Dubai Masters 1000 Belinda Bencic
56%
Moscow WTA 500 Belinda Bencic
56%
Linz WTA 250 Coco Gauff
56%
Nottingham WTA 250 Caroline Garcia
48%
Doha WTA 500 Elise Mertens
48%
Seoul WTA 250 Karolína Muchová
41%
Rabat WTA 250 Maria Sakkari
41%
Bogota WTA 250 Amanda Anisimova
37%
Madrid Masters 1000 Kiki Bertens
37%
St. Petersburg WTA 500 Kiki Bertens
37%
New York WTA 250 Magda Linette
33%
Auckland WTA 250 Julia Görges
30%
Acapulco WTA 250 Yafan Wang
30%
Nürnberg WTA 250 Yulia Putintseva
30%
Jurmala WTA 250 Anastasija Sevastova
26%
Rosmalen WTA 250 Alison Riske
22%
Hua Hin WTA 250 Dayana Yastremska
22%
Strasbourg WTA 250 Dayana Yastremska
22%
Prague WTA 250 Jil Teichmann
22%
Palermo WTA 250 Jil Teichmann
22%
Istanbul WTA 250 Petra Martić
22%
Hiroshima WTA 250 Nao Hibino
19%
Lugano WTA 250 Polona Hercog
15%
Budapest WTA 250 Alison van Uytvanck
11%
Tashkent WTA 250 Alison van Uytvanck
11%
Nanchang WTA 250 Rebecca Peterson
11%
Tianjin WTA 250 Rebecca Peterson
11%
Lausanne WTA 250 Fiona Ferro
4%
No matching quizzes found
Score Distribution
Percent of People with Each Score
Percentile by Number Answered
Your Score History
You have not taken this quiz